00536nam a2200181 a 4500001001300000003000900013005001700022008004100039020002300080082001600103100001800119245008000137260004500217300000900262500003500271505003000306700001800336nice12345678IN_TiNIC20260116012323.0050524s1994 dela grp 000 0 eng  a8185618070 c12500a954.04bBRA aBrass, Paul R aPolitics of India Since Independence(the New Cambridge History of India IV- aDelhibCambridge University Press c1994 a357p aincludes index and biblioraphy2 aAppendices, Biblio, Index1 aBrass, Paul R